Somatic embryogenesis and regeneration of Polianthes tuberosa L. /
Saved in:
| Main Author: | |
|---|---|
| Format: | Thesis Book |
| Language: | English |
| Published: |
2012
|
| Subjects: | |
| Tags: |
Add Tag
No Tags, Be the first to tag this record!
|
| LEADER | 01286cam a2200325 i 4500 | ||
|---|---|---|---|
| 001 | u1008075 | ||
| 003 | SIRSI | ||
| 005 | 201412171154 | ||
| 008 | 141217s2012 my a t 000 0 eng m | ||
| 040 | |a UMM |d AUM |e rda | ||
| 090 | |a QH302 |b UM 2012 Saka | ||
| 100 | 0 | |a Sakinah Abdullah, |e author. | |
| 245 | 1 | 0 | |a Somatic embryogenesis and regeneration of Polianthes tuberosa L. / |c Sakinah binti Abdullah |
| 264 | 1 | |c 2012 | |
| 264 | 4 | |c 2012 | |
| 300 | |a xiii, 178 leaves, 64 unnumbered leaves : |b illustrations ; |c 30 cm | ||
| 336 | |a text |2 rdacontent | ||
| 337 | |a unmediated |2 rdamedia | ||
| 338 | |a volume |2 rdacarrier | ||
| 502 | |b M.Sc. |c Institut Sains Biologi, Fakulti Sains, Universiti Malaya |d 2012 | ||
| 504 | |a Includes bibliographical references. | ||
| 530 | |a Also issued in CD. | ||
| 650 | 0 | |a Polianthes |x Somatic embryogenesis. | |
| 650 | 0 | |a Plant tissue culture | |
| 650 | 0 | |a Plant micropropagation. | |
| 710 | 2 | |a Universiti Malaya. |b Institut Sains Biologi, |e degree granting institution. | |
| 900 | |a ZA | ||
| 596 | |a 1 25 | ||
| 999 | |a QH302 UM 2012 SAKA |w LC |c 1 |i A516078275 |d 9/10/2015 |f 9/10/2015 |g 1 |l STACKS |m P01UTAMA |r Y |s Y |t TESIS |u 7/10/2015 |1 STEM | ||
| 999 | |a QH302 UM 2012 SAKA |w LC |c 1 |i A516078355 |f 25/1/2021 |g 1 |l STACKS |m P25UMARCHI |r N |s Y |t CD |u 29/7/2015 |1 STEM |o .STAFF. MST-CD8092 | ||
